|
|
|
|
| LEADER |
00000nab a2200000 ar4500 |
| 001 |
vtls008527921 |
| 003 |
SK-MaSNL |
| 005 |
20260426071829.0 |
| 008 |
060202c2005 xo mr|p||| |000 b|slo |
| 015 |
|
|
|a SNBRB2006/02
|
| 038 |
|
|
|a SPK
|
| 040 |
|
|
|a SPKCL
|b slo
|c AACR2
|e AACR2
|
| 041 |
0 |
|
|a slo
|
| 044 |
|
|
|a xo
|c SK
|
| 080 |
|
|
|a 376
|x (083.9)
|2 UDC-MRF-SK2
|
| 080 |
|
|
|a 376.32
|2 UDC-MRF-SK2
|
| 080 |
|
|
|a 376.352
|2 UDC-MRF-SK2
|
| 100 |
1 |
|
|a Čechová, Otília
|4 aut
|9 405457
|
| 245 |
1 |
0 |
|a Projekt pre zrakovo postihnuté deti
|c Otília Čechová
|
| 300 |
|
|
|b Fotogr.
|
| 610 |
2 |
7 |
|a Matra (projekt)
|2 snkbucl
|9 1327519
|
| 650 |
0 |
7 |
|a zrakovo postihnuté osoby
|2 SNKPH
|9 1168
|
| 650 |
0 |
7 |
|a integrácia žiaka
|2 SNKPH
|9 70851
|
| 650 |
0 |
7 |
|a medzinárodná spolupráca
|2 SNKPH
|9 4911
|
| 650 |
0 |
7 |
|a spolupráca vo výchove
|2 SNKPH
|9 1043748
|
| 650 |
0 |
7 |
|a špeciálni pedagógovia
|2 SNKPH
|9 83510
|
| 650 |
0 |
7 |
|a projekty
|2 SNKPH
|9 18866
|
| 651 |
|
7 |
|a Slovensko
|2 SNKPHgeo
|9 14231
|
| 651 |
|
7 |
|a Holandsko
|2 SNKPHgeo
|9 17433
|
| 773 |
0 |
|
|t Pán učiteľ : časopis pre učiteľov, rodičov a žiakov
|g Roč. 1, č. 4 (2005), s. [26]
|x 1336-7161
|
| 852 |
|
|
|a SPK
|b KIS3GCP
|
| 999 |
|
|
|c 2682513
|d 2684443
|